John Alden correspondence, (Record no. 42693)
[ view plain ]
| 000 -LEADER | |
|---|---|
| fixed length control field | 00780cpcaa2200241 4500 |
| 001 - CONTROL NUMBER | |
| control field | mm 80003534 |
| 003 - CONTROL NUMBER IDENTIFIER | |
| control field | DLC |
| 005 - DATE AND TIME OF LATEST TRANSACTION | |
| control field | 20260227111702.0 |
| 008 - FIXED-LENGTH DATA ELEMENTS--GENERAL INFORMATION | |
| fixed length control field | 800729|||||||||||| fre |
| 010 ## - LIBRARY OF CONGRESS CONTROL NUMBER | |
| LC control number | mm 80003534 |
| 040 ## - CATALOGING SOURCE | |
| Original cataloging agency | DLC |
| Transcribing agency | DLC |
| Description conventions | dacs |
| Modifying agency | DLC |
| 041 ## - LANGUAGE CODE | |
| Language code of text/sound track or separate title | fre |
| -- | eng |
| 072 #7 - SUBJECT CATEGORY CODE | |
| Subject category code | C |
| Source | lcmd |
| 100 1# - MAIN ENTRY--PERSONAL NAME | |
| Personal name | Alden, John. |
| 245 00 - TITLE STATEMENT | |
| Title | John Alden correspondence, |
| Inclusive dates | 1937-1938. |
| 300 ## - PHYSICAL DESCRIPTION | |
| Extent | 8 |
| Type of unit | items. |
| 506 0# - RESTRICTIONS ON ACCESS NOTE | |
| Terms governing access | Open to research. |
| 546 ## - LANGUAGE NOTE | |
| Language note | Collection material in French, with English. |
| 580 ## - LINKING ENTRY COMPLEXITY NOTE | |
| Linking entry complexity note | Forms part of: Miscellaneous Manuscripts collection. |
| 600 10 - SUBJECT ADDED ENTRY--PERSONAL NAME | |
| Personal name | Alden, John |
| Form subdivision | Correspondence. |
No items available.